Costing (Record no. 6305)

MARC details
005 - DATE AND TIME OF LATEST TRANSACTION
control field 20250629120155.0
020 ## - INTERNATIONAL STANDARD BOOK NUMBER
International Standard Book Number 978-1-84480-945-5
082 ## - DEWEY DECIMAL CLASSIFICATION NUMBER
Classification number 657.42 LUC
100 ## - MAIN ENTRY--PERSONAL NAME
Author name LUCEY, T
245 ## - TITLE STATEMENT
Title Costing
250 ## - EDITION STATEMENT
Edition statement 7th Ed.
260 ## - PUBLICATION, DISTRIBUTION, ETC.
Place of publication, distribution, etc. London
Name of publisher, distributor, etc. Cengage Learning
Date of publication, distribution, etc. 2009.
300 ## - PHYSICAL DESCRIPTION
Extent xiii,578p.: ill.; figures
Other physical details Index
Dimensions 24cm
942 ## - ADDED ENTRY ELEMENTS (KOHA)
Source of classification or shelving scheme Dewey Decimal Classification
Koha item type Books
Holdings
Date last seen Total checkouts Full call number Barcode Cost, replacement price Price effective from Koha item type Lost status Source of classification or shelving scheme Damaged status Not for loan Withdrawn status Home library Current library Shelving location Date acquired Source of acquisition Cost, normal purchase price
06/29/2025   657. 42 LUC MZA0002797 135000.00 06/29/2025 Books   Dewey Decimal Classification       CBE Mwanza CBE Mwanza Special Reserve Collection 06/24/2020 Library Budget 45000.00
07/08/2025   657.42 LUC MZA0003088 135000.00 07/08/2025 Books   Dewey Decimal Classification       CBE Mwanza CBE Mwanza Special Reserve Collection 06/27/2025 Donation from NBAA 45000.00
07/16/2025   657.42 LUC MZA0003327 135000.00 07/16/2025 Books   Dewey Decimal Classification       CBE Mwanza CBE Mwanza General Collection 06/27/2025 NBAA Donation 45000.00
07/16/2025   657.42 LUC MZA0003328 135000.00 07/16/2025 Books   Dewey Decimal Classification       CBE Mwanza CBE Mwanza General Collection 06/27/2025 NBAA Donation 45000.00
07/16/2025   657.42 LUC MZA0003329 135000.00 07/16/2025 Books   Dewey Decimal Classification       CBE Mwanza CBE Mwanza General Collection 06/27/2025 NBAA Donation 45000.00
07/16/2025   657.42 LUC MZA0003330 135000.00 07/16/2025 Books   Dewey Decimal Classification       CBE Mwanza CBE Mwanza General Collection 07/16/2025 NBAA Donation 45000.00